000 00481nam a2200193Ia 4500
005 20240823030750.0
008 240823s9999||||xx |||||||||||||| ||und||
020 _a978-81-8489-607-7
041 _aENGLISH
082 _A005.133 Q0
100 _aJan Graba
245 3 _aAn Introduction to Network programming with Java
250 _a1st
260 _c2010
_bSpringer International Ed
500 _aYES
650 _aJAVA
_bComputer Science
942 _cBK
999 _c189478
_d189478